| 000 | 00794nam a2200193 i 4500 | ||
|---|---|---|---|
| 001 | 56933 | ||
| 003 | ES-MaACL | ||
| 005 | 20230906163458.0 | ||
| 007 | t| | ||
| 008 | 031014s1944 sp ||||1| spa d | ||
| 110 | 2 |
_aEspaña. _bDirección General de Marruecos y Colonias. _93752 |
|
| 245 | 1 | 0 |
_aAnuario de estadística y catastro de la Dirección de Agricultura / _cDirección General de Marrueos y Colonias. |
| 260 |
_a[Madrid] : _bDirección de Agricultura de los Territorios Españoles del Golfo de Guinea, _c1944. |
||
| 300 |
_a160 p., map. pleg. ; _c25 cm. |
||
| 650 | 4 |
_aCatastro- _zEspaña. _9142175 |
|
| 651 | 4 |
_aEspaña- _vEstadísticas. _9162174 |
|
| 710 | 1 |
_aEspaña. _bDirección de Agricultura de los Territorios Españoles del Golfo de Guinea. _93692 |
|
| 852 |
_aES-MaACL _jB-13878 |
||
| 999 |
_c56933 _d56933 |
||